000 01150nam a22002177a 4500
008 231222s2022 xxk|||||o|||| 00| 0 eng d
041 _aeng
110 _aRoyal Institution of Chartered Surveyors
245 _aRICS Regulatory Tribunal Practice Direction D
_h[Electronic resource]
250 _aversion 1
260 _aLondon,
_bRoyal Institution of Chartered Surveyors,
_c2022
300 _a5p.
490 _aRICS Regulation
500 _aWith effect from 24 October 2022. This Practice Direction should be considered in conjunction with RICS Regulatory Tribunal Practice Direction (Version 2 with effect from 2 March 2020).
520 _aThis Practice Direction sets out the procedure that RICS Regulatory Tribunal (‘the Tribunal’) will operate in respect of case management directions (fixing cases for hearing)
650 _aPROFESSIONAL STANDARDS
651 _aInternational
710 _aRoyal Institution of Chartered Surveyors
856 _uhttps://www.rics.org/content/dam/ricsglobal/documents/regulation/RICS%20Regulatory%20Tribunal%20Practice%20Direction%20D%20(24.10.2022).pdf
_zAvailable free on RICS.org
942 _n0
999 _c121745
_d121745